000 00508nam a2200169Ia 4500
008 151021s9999 xx 000 0 und d
020 _a24287415
050 _aLC3981 .W587 1998
245 _a_Special education in multicultural contexts Margret A. Winzer
260 _aNew Jersey Merrill 1998
300 _axix,460p.;ill
500 _aInclude index
500 _aInclude index
650 _a_special education social aspect
700 _a_Mazurek ,Kasper
980 _a^d20120827 01:53:16^oanne
999 _c12516
_d12516